La coyuntura económica (Registro nro. 29059)

Detalles MARC
000 -LEADER
fixed length control field 00552 a2200169 4500
001 - CONTROL NUMBER
control field ART_49751
005 - DATE AND TIME OF LATEST TRANSACTION
control field 20260410161936.0
008 - FIXED-LENGTH DATA ELEMENTS--GENERAL INFORMATION
fixed length control field 260409a
100 1# - MAIN ENTRY--PERSONAL NAME
Personal name Alemann, Roberto T.
245 10 - TITLE STATEMENT
Title La coyuntura económica
700 1# - ADDED ENTRY--PERSONAL NAME
Personal name Alsogaray, Alvaro Carlos
700 1# - ADDED ENTRY--PERSONAL NAME
Personal name Bunge, César A.
700 1# - ADDED ENTRY--PERSONAL NAME
Personal name Krieger Vasena, Adalbert
700 1# - ADDED ENTRY--PERSONAL NAME
Personal name Licciardo, Cayetano Antonio
700 1# - ADDED ENTRY--PERSONAL NAME
Personal name Moyano Llerena, Carlos
773 0# - HOST ITEM ENTRY
Title Anales de la Academia Nacional de Ciencias Económicas
Related parts - Vol. XXXI, (1986) (ene./dic. 1986)
Record control number REV25596

No hay ítems disponibles.